Shihon shugi to keizai hatten no kadai /
Saved in:
| Main Author: | |
|---|---|
| Format: | Book |
| Language: | Japanese |
| Published: |
Tōkyō :
Kōdansha,
Shōwa 50 [1975]
|
| Series: | Tsuru Shigeto chosakushū ;
dai 3-kan. |
| Subjects: | |
| Tags: |
Add Tag
No Tags, Be the first to tag this record!
|
| LEADER | 01185nam a2200325 i 4500 | ||
|---|---|---|---|
| 001 | 007743361-0 | ||
| 005 | 20024617115958.0 | ||
| 008 | 900816s1975 ja cf b 001 0 jpn | ||
| 010 | |a 75809137 /J | ||
| 015 | |a Ja*** | ||
| 035 | 0 | |a ocm22230839 | |
| 040 | |a DLC |c WaU |d *YNH* |d CStRLIN | ||
| 050 | 0 | |a HB54 |b .T76 vol. 3 |a HC54 | |
| 100 | 1 | |6 880-01 |a Tsuru, Shigeto, |d 1912- | |
| 245 | 1 | 0 | |6 880-02 |a Shihon shugi to keizai hatten no kadai / |c [Tsuru Shigeto]. |
| 260 | |6 880-03 |a Tōkyō : |b Kōdansha, |c Shōwa 50 [1975] | ||
| 300 | |a vii, 566, ix p., [1] leaf of plates : |b port. ; |c 20 cm. | ||
| 490 | 1 | |6 880-04 |a Tsuru Shigeto chosakushū ; |v dai 3-kan | |
| 500 | |a Cover title. | ||
| 504 | |a Includes bibliographical references and indexes. | ||
| 650 | 0 | |a Economic policy. | |
| 650 | 0 | |a Capitalism. | |
| 880 | 1 | |6 100-01 |a 都留重人, |d 1912- | |
| 880 | 1 | 0 | |6 245-02 |a 資本主義と経済発展の課題 / |c [都留重人]. |
| 880 | |6 260-03 |a 東京 : |b 講談社, |c 昭和50 [1975] | ||
| 880 | 1 | |6 490-04 |a 都留重人著作集 ; |v 第3卷 | |
| 830 | 0 | |6 880-54 |a Tsuru Shigeto chosakushū ; |v dai 3-kan. | |
| 880 | 0 | |6 830-54 |a 都留重人著作集 ; |v 第3卷. | |
| 988 | |a 20021214 | ||
| 906 | |0 DLC | ||


